Hodnotenie verejných vysokých škôl a ich fakúlt správa (2008)

Bibliographic Details
Corporate Author: Akademická rankingová a ratingová agentúra (Slovensko) (Author)
Format: Software eBook
Language:Slovak
PhysicalDescription:1 elektronický optický disk (CD-ROM) grafy, tab. 12 cm
Published: Bratislava ARRA [2009]
ISBN:9788089472024 (elektronická kniha)
Edition:[1. vyd.]
Subjects:

MARC

LEADER 00000nam a2200000 a 4500
001 vtls010308724
003 SK-MaSNL
005 20260425223136.0
007 co bg auuua
008 110906s2009 xo dl gs 000 0 slo
015 |a SNBS2013 
020 |a 9788089472024 (elektronická kniha) 
040 |a SNK  |b slo  |c SNK  |e AACR2 
041 0 |a slo 
043 |a e-xo--- 
044 |a xo  |c SK 
072 7 |a 378  |x Vysoké školy  |2 konspekt 
072 7 |a 37  |x Výchova a vzdelávanie  |2 konspekt 
080 |a 378.057  |2 2001 
080 |a 37.057  |2 2001 
080 |a 37:303.094.5  |2 2001 
080 |a 37.011/.012  |2 2001 
080 |a 37:303.442  |2 2001 
080 |a 378.096  |2 2001 
080 |a (0.034.44)  |2 2001 
080 |a (437.6)  |2 2001 
080 |a (047)  |2 2001 
110 2 |a Akademická rankingová a ratingová agentúra (Slovensko)  |4 aut  |9 178593 
245 1 0 |a Hodnotenie verejných vysokých škôl a ich fakúlt  |h elektronický zdroj  |b správa (2008)  |c ARRA 
250 |a [1. vyd.] 
260 |a Bratislava  |b ARRA  |c [2009] 
300 |a 1 elektronický optický disk (CD-ROM)  |b grafy, tab.  |c 12 cm 
500 |a Názov z titulnej obrazovky 
516 |a Textový dokument (správa), 2 súbory vo formáte pdf 
538 |a Technické požiadavky: PDF prehliadač 
650 0 7 |a vysoké školy  |2 SNKPH  |9 1277 
650 0 7 |a fakulty vysokých škôl  |2 SNKPH  |9 162704 
650 0 7 |a kvalita vzdelávania  |2 SNKPH  |9 71558 
650 0 7 |a hodnotenie školy  |2 SNKPH  |9 4124 
650 0 7 |a pedagogická evalvácia  |2 SNKPH  |9 4127 
650 0 7 |a High schools  |2 SNKPHeng  |9 265992 
650 0 7 |a Faculty  |2 SNKPHeng  |9 274450 
650 0 7 |a Education quality  |2 SNKPHeng  |9 328569 
650 0 7 |a School evaluation  |2 SNKPHeng  |9 328570 
650 0 7 |a Educational evaluation  |2 SNKPHeng  |9 328571 
651 7 |a Slovensko  |2 SNKPH  |9 14231 
651 7 |a Slovakia  |2 SNKPHeng  |9 92630 
655 7 |a elektronické zdroje  |2 SNKPH  |9 90954 
655 7 |a CD-ROM  |2 SNKPH  |9 70236 
655 7 |a správy  |2 SNKPH  |9 70563 
655 7 |a Electronic resources  |2 SNKPHeng  |9 175546 
655 7 |a Reports  |2 SNKPHeng  |9 265694 
919 |a 978-80-89472-02-4 
999 |c 577690  |d 579620 
952 |a SNK  |b SNK  |y PREZ  |7 0  |p 17A0717374  |o snkSCDM 4099/2008  |i snk2011/18378  |8 0  |0 0  |1 0  |4 0  |d 2011-09-06  |l 0  |r 2026-02-23 14:38:57  |w 2026-02-23